000 00352cam a22001097a 4500
008 180718b1972 xxu||||| |||| 00| 0 eng d
082 _aT34x5461 D378
245 _aReport on the pilot survey of distributive trade
_cby Bureau of Econmics & Statistics, India
260 _aDelhi
_b
_c1972
300 _a94p
700 _aIndia. Bureau of Econmics & Statistics
999 _c497875
_d497875